[Event "Sydney International Open"]
[Site "*"]
[Date "2007.04.13"]
[Round "6.58"]
[White "Marquez, Julius Caesar"]
[Black "Pickering, Anthony"]
[Result "1/2-1/2"]
[WhiteElo "1450"]
[BlackElo "1961"]
[PlyCount "150"]

1. e4 c5 2. Nc3 e6 3. g3 d5 4. d3 d4 5. Nce2 Nc6 6. Bg2 Nf6 7. f4 e5 8. Nf3 Bd6
9. O-O Bg4 10. h3 Bxf3 11. Rxf3 O-O 12. f5 b5 13. g4 c4 14. Ng3 Rc8 15. g5 Nd7
16. h4 cxd3 17. cxd3 Nb4 18. a3 Nc2 19. Ra2 Qa5 20. Rf2 Qe1+ 21. Qxe1 Nxe1 22.
Bd2 Nxd3 23. Rf3 N3c5 24. f6 g6 25. b4 Ne6 26. Bh3 Nb6 27. h5 Rc7 28. hxg6 hxg6
29. Bxe6 fxe6 30. Nf1 Rh7 31. Nh2 Rh4 32. Rg3 Kf7 33. Ng4 Rfh8 34. Nh6+ Ke8 35.
Ng4 Nc4 36. Rc2 R8h5 37. Bc1 Rh1+ 38. Kf2 R5h4 39. Kg2 d3 40. Rxd3 Rxc1 41.
Rxc1 Rxg4+ 42. Kf3 Rf4+ 43. Kg3 Kd7 44. Rh1 Rxe4 45. Rh7+ Kc6 46. Rxa7 Rd4 47.
Rxd4 exd4+ 48. Kf2 Kb6 49. Rg7 Ne5 50. Ke2 Kc6 51. Ra7 Kd5 52. a4 d3+ 53. Kd1
bxa4 54. Rxa4 Nc4 55. Ra8 Bxb4 56. Rd8+ Ke4 57. f7 Ne3+ 58. Kc1 Ba3+ 59. Kd2
Nc4+ 60. Kc3 Ne5 61. f8=Q Bxf8 62. Rxf8 Ke3 63. Rd8 Kf4 64. Rd6 Kf5 65. Ra6
Kxg5 66. Rxe6 Kf5 67. Ra6 g5 68. Ra5 g4 69. Rd5 g3 70. Kd4 g2 71. Rxe5+ Kf4 72.
Re1 d2 73. Rd1 Kf3 74. Kd3 Kf2 75. Rxd2+ Kf1 1/2-1/2

[Event "Sydney International Open"]
[Site "*"]
[Date "2007.04.13"]
[Round "6.59"]
[White "Wettstein, Carla"]
[Black "Korenevski, Oleg"]
[Result "0-1"]
[WhiteElo "1487"]
[BlackElo "1933"]
[PlyCount "90"]

1. c4 e5 2. Nc3 Nc6 3. g3 g6 4. Bg2 Nge7 5. Nf3 Bg7 6. O-O O-O 7. e3 f5 8. e4
d6 9. d3 Nd4 10. Nxd4 exd4 11. Ne2 Rb8 12. Nf4 Bd7 13. Bd2 Qc8 14. Re1 Rf7 15.
exf5 Bxf5 16. Nd5 Nc6 17. b4 Kh8 18. f4 Qd7 19. b5 Ne7 20. Nxe7 Rxe7 21. Rxe7
Qxe7 22. Qf3 Qd7 23. Re1 Bf6 24. Qf2 Bxd3 25. Bf1 Bf5 26. Qf3 c6 27. a4 d5 28.
cxd5 Qxd5 29. Qxd5 cxd5 30. Bg2 Bc2 31. a5 Bb3 32. Re6 Kg7 33. Rd6 Rd8 34. Re6
Bc4 35. Bf1 Kf7 36. Re1 d3 37. b6 axb6 38. axb6 Rd6 39. Be3 d4 40. Bd2 Rxb6 41.
Kf2 Rb2 42. Rc1 Rxd2+ 43. Ke1 Rc2 44. Kd1 Rxc1+ 45. Kxc1 Be7 0-1

[Event "Sydney International Open"]
[Site "*"]
[Date "2007.04.13"]
[Round "6.60"]
[White "Ren, Jonathan"]
[Black "Smith, Vivian"]
[Result "0-1"]
[WhiteElo "1337"]
[BlackElo "1742"]
[PlyCount "130"]

1. e4 d6 2. Nf3 Nf6 3. Nc3 g6 4. Bc4 Bg7 5. d3 O-O 6. O-O c6 7. Bb3 Nbd7 8. Bf4
e5 9. Bg5 Nc5 10. Qd2 Bg4 11. Qe3 Qe7 12. Nd2 Be6 13. Bxe6 Nxe6 14. Bh4 Qc7 15.
h3 Nh5 16. Ne2 Nhf4 17. Rab1 Nxe2+ 18. Qxe2 Nd4 19. Qd1 Ne6 20. Bg3 f5 21. f3
f4 22. Bf2 b6 23. c3 Bf6 24. Nb3 Qe7 25. Qe1 Ng7 26. g4 fxg3 27. Bxg3 Bg5 28.
Kf2 Nh5 29. Ke2 Bf4 30. Bf2 Qf7 31. Nd2 Bxd2 32. Kxd2 Qxf3 33. Qe3 Qxe3+ 34.
Bxe3 Rxf1 35. Rxf1 Rf8 36. Rxf8+ Kxf8 37. Bg5 Ke8 38. Ke3 Kd7 39. d4 Ke6 40. h4
d5 41. Bd8 exd4+ 42. cxd4 dxe4 43. Kxe4 h6 44. Bc7 Nf6+ 45. Kf3 Kd5 46. Be5 Ne4
47. b3 c5 48. Bb8 a6 49. Ke2 Nc3+ 50. Kd3 Nxa2 51. Ba7 cxd4 52. Bxb6 Nb4+ 53.
Kd2 Ke4 54. Bc5 Nc6 55. Bf8 h5 56. Bh6 Ne5 57. Ke2 Nf3 58. b4 Nxh4 59. Bg5 Nf5
60. Bd2 Ne7 61. Be1 Nd5 62. Bd2 d3+ 63. Kf2 Nf4 64. Bc1 g5 65. Kg3 Ne2+ 0-1

[Event "Sydney International Open"]
[Site "*"]
[Date "2007.04.13"]
[Round "6.61"]
[White "Kumar, Dhirendra"]
[Black "Gearing, Michael"]
[Result "1/2-1/2"]
[WhiteElo "1314"]
[BlackElo "1661"]
[PlyCount "73"]

1. d4 Nf6 2. c4 g6 3. Nc3 Bg7 4. Bg5 d6 5. Nf3 O-O 6. e4 Nbd7 7. h3 e5 8. d5 a6
9. Qd2 Qe8 10. Bd3 Nh5 11. O-O f5 12. Bh6 f4 13. Bxg7 Kxg7 14. Ng5 Ndf6 15. Be2
h6 16. Nf3 g5 17. Nh2 Qg6 18. f3 Ng3 19. Rfe1 h5 20. Bd1 g4 21. hxg4 hxg4 22.
Nf1 Qh5 23. Nxg3 fxg3 24. Kf1 Qh1+ 25. Ke2 gxf3+ 26. gxf3 Qh5 27. Kd3 b5 28. b3
Nd7 29. Qg2 Nc5+ 30. Kc2 Qh2 31. Rg1 Rh8 32. Ne2 bxc4 33. Qxg3+ Qxg3 34. Rxg3+
Kf6 35. bxc4 Bd7 36. Rb1 Rh2 37. Kc1 1/2-1/2

[Event "Sydney International Open"]
[Site "*"]
[Date "2007.04.13"]
[Round "6.63"]
[White "Maroroa, Sue"]
[Black "Tulic, Ido"]
[Result "1-0"]
[WhiteElo "1932"]
[BlackElo "1450"]
[PlyCount "53"]

1. e4 e5 2. Nc3 d6 3. Bc4 Nf6 4. d3 Be7 5. f4 Nc6 6. Nf3 h6 7. O-O O-O 8. Qe1
Na5 9. Bb3 Nxb3 10. axb3 c6 11. f5 Nh7 12. h4 g5 13. hxg5 Nxg5 14. Qg3 Kh7 15.
Kf2 Nxf3 16. Qxf3 Bg5 17. Rh1 Qb6+ 18. Ke2 Qd8 19. Rh5 Rh8 20. Bxg5 f6 21.
Rxh6+ Kg8 22. Rxh8+ Kxh8 23. Qh5+ Kg8 24. Qg6+ Kf8 25. Bxf6 Qxf6 26. Qxf6+ Ke8
27. Rh1 1-0

[Event "Sydney International Open"]
[Site "*"]
[Date "2007.04.13"]
[Round "6.64"]
[White "Yu, Sally"]
[Black "Watson, Jean"]
[Result "1-0"]
[WhiteElo "1697"]
[BlackElo "1234"]
[PlyCount "127"]

1. e4 e6 2. d4 d5 3. Nc3 dxe4 4. Nxe4 Nd7 5. Nf3 Ngf6 6. Bd3 Nxe4 7. Bxe4 Nf6
8. Bd3 c5 9. O-O Be7 10. b3 O-O 11. c4 Qc7 12. Bb2 b6 13. dxc5 Qxc5 14. Bd4 Qc7
15. Rb1 Bb7 16. h3 Rfd8 17. Be5 Qc6 18. Qc2 h6 19. Rfe1 Kf8 20. Bxf6 Bxf6 21.
Be4 Qc7 22. Rbd1 Bxe4 23. Qxe4 Rac8 24. Nd4 Bxd4 25. Rxd4 Rxd4 26. Qxd4 Rd8 27.
Qb2 Qd6 28. Rf1 Kg8 29. b4 Rc8 30. Qb3 Rd8 31. Qa3 Rd7 32. c5 bxc5 33. bxc5 Qc6
34. Rc1 Kf8 35. Qb2 f6 36. f3 Ke7 37. Qb8 Kf7 38. Qb4 Rd5 39. a4 Rd7 40. Qb5
Rc7 41. Kf2 Qd5 42. Qc4 Qd2+ 43. Kg1 Qd5 44. Qxd5 exd5 45. Kf2 Ke6 46. Ke3 g5
47. Kd4 Rc6 48. Re1+ Kd7 49. Kxd5 Ra6 50. Re4 h5 51. Rc4 Rc6 52. Rb4 Rc7 53. a5
Rc6 54. Rb7+ Rc7 55. c6+ Kc8 56. Rxc7+ Kxc7 57. Ke6 Kxc6 58. Kxf6 Kb5 59. Kxg5
Kxa5 60. f4 Kb6 61. f5 Kc7 62. f6 Kd7 63. Kg6 Ke8 64. Kg7 1-0

[Event "Sydney International Open"]
[Site "*"]
[Date "2007.04.13"]
[Round "6.65"]
[White "Sweeney, Matthew"]
[Black "Evans, David A"]
[Result "1/2-1/2"]
[WhiteElo "1267"]
[BlackElo "1597"]
[PlyCount "81"]

1. e4 d5 2. exd5 Qxd5 3. Nc3 Qd6 4. d4 g6 5. Nf3 Bg7 6. Be3 Nf6 7. Bc4 O-O 8.
O-O a6 9. Qd2 b5 10. Bb3 Bb7 11. Bf4 Qd8 12. Qd3 Nc6 13. a3 e6 14. Rad1 Ne7 15.
Rfe1 Ned5 16. Nxd5 Nxd5 17. Bg3 Re8 18. Bh4 Qc8 19. Bg3 Nf6 20. Ne5 Bd5 21. f3
Bxb3 22. Qxb3 c5 23. c3 c4 24. Qc2 Nd5 25. f4 Bh6 26. Qf2 Ne7 27. Qc2 Nf5 28.
Qf2 Nxg3 29. Qxg3 Bg7 30. Re3 Ra7 31. Rde1 Bxe5 32. Rxe5 Rd8 33. h4 Rad7 34. h5
Rd5 35. hxg6 hxg6 36. Kf2 Rxe5 37. fxe5 Kg7 38. Qg5 Rh8 39. Qf6+ Kg8 40. Rf1
Qd7 41. Ke3 1/2-1/2

[Event "Sydney International Open"]
[Site "*"]
[Date "2007.04.13"]
[Round "6.66"]
[White "Guo, Emma"]
[Black "Kumar, Sanjesh"]
[Result "1-0"]
[WhiteElo "1543"]
[BlackElo "1153"]
[PlyCount "89"]

1. e4 c5 2. Nc3 e6 3. f4 d5 4. e5 f6 5. Nf3 Nc6 6. Bb5 Bd7 7. Bxc6 Bxc6 8. d3
Be7 9. O-O Nh6 10. Qe1 Bd7 11. exf6 Bxf6 12. Nxd5 O-O 13. Nxf6+ Qxf6 14. Ne5
Rad8 15. b3 Ng4 16. Bb2 Nxe5 17. Bxe5 Qg6 18. Rf3 Rf7 19. Qh4 Rc8 20. Rg3 Qf5
21. Rg5 Bc6 22. Rxf5 exf5 23. Re1 a6 24. Bb2 b5 25. Re7 Rcf8 26. Rxf7 Rxf7 27.
Qd8+ Rf8 28. Qc7 Rf7 29. Qxc6 c4 30. dxc4 bxc4 31. Qxc4 g6 32. Qxa6 Rc7 33.
Qe6+ Rf7 34. a4 Kf8 35. Ba3+ Kg8 36. a5 h6 37. a6 g5 38. a7 Kg7 39. Qxf7+ Kxf7
40. a8=Q gxf4 41. Qd5+ Kg6 42. Be7 f3 43. gxf3 h5 44. Qg8+ Kh6 45. Bf8# 1-0

[Event "Sydney International Open"]
[Site "*"]
[Date "2007.04.13"]
[Round "6.67"]
[White "Ross, Bill"]
[Black "Kumar, Karishma"]
[Result "1-0"]
[WhiteElo "1533"]
[BlackElo "755"]
[PlyCount "105"]

1. e4 e5 2. Nf3 Nc6 3. Bb5 d6 4. O-O Bg4 5. c3 a6 6. Ba4 b5 7. Bb3 Nf6 8. d3
Be7 9. Re1 O-O 10. Nbd2 d5 11. Qc2 dxe4 12. dxe4 a5 13. a3 Qd6 14. h3 Bh5 15.
g4 Bg6 16. Nh4 b4 17. Nxg6 hxg6 18. Nc4 Qc5 19. Be3 Qb5 20. a4 Qb7 21. f3 Nd7
22. Red1 Nc5 23. Kg2 bxc3 24. Bxc5 Bxc5 25. bxc3 Qc8 26. Rd5 Be7 27. Nxe5 Nxe5
28. Rxe5 Bh4 29. Rd5 c6 30. Rd3 Qc7 31. Kg1 Qg3+ 32. Qg2 Qb8 33. Rb1 Qb6+ 34.
Kf1 c5 35. Bxf7+ Rxf7 36. Rxb6 Raf8 37. Qa2 Kh7 38. Ke2 Rc7 39. Qd5 c4 40. Rd1
Bf6 41. Rc6 Rcf7 42. Qxc4 Bg5 43. Rd3 Rb7 44. Qe6 Rb2+ 45. Kd1 Rb1+ 46. Kc2
Rc1+ 47. Kb3 Rb1+ 48. Kc4 Rf6 49. Qd5 Rh1 50. Rxf6 gxf6 51. Qf7+ Kh6 52. Qf8+
Kh7 53. Rd7# 1-0

[Event "Sydney International Open"]
[Site "*"]
[Date "2007.04.13"]
[Round "6.70"]
[White "Tan, Justin"]
[Black "Setiabudi, Allen"]
[Result "0-1"]
[WhiteElo "367"]
[BlackElo "1476"]
[PlyCount "62"]

1. e4 c5 2. Nf3 e6 3. c3 d5 4. exd5 Qxd5 5. d4 Nf6 6. Be3 cxd4 7. cxd4 Bb4+ 8.
Nc3 O-O 9. Bd3 Nc6 10. O-O Qd7 11. Qc2 Rd8 12. a3 Be7 13. Rad1 b6 14. Rd2 Bb7
15. Rfd1 Rac8 16. Qb1 Na5 17. Ne5 Qe8 18. Bb5 Qf8 19. Rd3 a6 20. Ba4 b5 21. Bc2
Nc4 22. Nxc4 Rxc4 23. Bg5 g6 24. Bb3 Rcc8 25. Rh3 Nd5 26. Bh6 Qe8 27. Nxd5 Bxd5
28. Bxd5 Rxd5 29. Qe4 Bg5 30. Bxg5 Rxg5 31. Rdd3 Rc1+ 0-1

[Event "Sydney International Open"]
[Site "*"]
[Date "2007.04.13"]
[Round "6.71"]
[White "Neegam, Gor"]
[Black "Tacorda, Ely"]
[Result "1-0"]
[WhiteElo "1641"]
[BlackElo "1250"]
[PlyCount "109"]
[EventDate "2007.??.??"]

1. e4 e5 2. Nf3 Nc6 3. Nc3 Nf6 4. d4 d6 5. Bb5 Bd7 6. Bg5 Be7 7. a3 O-O 8. d5
b6 9. dxc6 Be8 10. Bxf6 Bxf6 11. O-O a5 12. Nd5 Ra7 13. Nxf6+ Qxf6 14. Qd2 Qd8
15. b4 Qb8 16. bxa5 bxa5 17. Qe3 Qa8 18. Rac1 Qb8 19. Rb1 Ra8 20. Ba4 Qd8 21.
Rbc1 Rb8 22. Rfd1 Qe7 23. Rb1 Ra8 24. c4 f6 25. Rdc1 f5 26. exf5 Rxf5 27. Qe4
Rf6 28. Ng5 Rh6 29. Nf3 Bg6 30. Qd5+ Bf7 31. Qd2 e4 32. Nd4 Qd8 33. Nf5 Rh5 34.
g4 Rh3 35. Ra1 Rb8 36. Rd1 Bg6 37. Kg2 Rh6 38. Nxh6+ gxh6 39. Qxh6 Be8 40. Rac1
Qe7 41. Bb3 Rxb3 42. c5 dxc5 43. g5 Rxa3 44. Rd2 Rb3 45. Rcd1 Rb6 46. Rd8 Kf7
47. R1d2 Bxc6 48. Qxh7+ Ke6 49. Qh6+ Kf7 50. Qh5+ Ke6 51. Qg6+ Ke5 52. Rd1 a4
53. f4+ Kxf4 54. Rf1+ Ke5 55. Qf5# 1-0